000 01267nam0a22003251 4500
001 rc\3317894
005 20250609230323.0
021 _aRU
_b[74-30507]
035 _a(NLR Aleph) 007543384
090 _a9775786
_c9775786
100 _a20130115d1974 |||y0rusy50 ca
101 0 _arus
102 _aRU
105 _aa z |||||
200 1 _aИзучение возбужденных состояний околомагического ядра ¹⁴⁷Gd
210 _a[Дубна
_cОИЯИ
_d1974]
215 _a15 с.
_cчерт.
_d22
225 1 _a[Объединенный институт ядерных исследований]. [Издания]
_f[Лаб. ядерных проблем]
_v6-7693
300 _aПеред загл. авт.: М. Будзынски, Т. Бэдике, Р. Ион-Михай и др.
320 _aСписок лит.: с. 14-15 (15 назв.)
606 _aГадолиний, изотоп 147
_xВозбужденное состояние
_2psbo
701 1 _aБэдике
_bТ.
701 1 _aБудзынски
_bМ.
701 1 _6z01790
_aИон-Михай
_bР.
790 1 _6z01701
_aМихай
_bР.
801 0 _aRU
_bNLR
_gpsbo
801 1 _aRU
_bELAR
_2rusmarc
852 _aNLR
_jП11/2061
942 _cBOOK
980 _aNB